00368nam a22001457a 4500003000400000005001700004008004100021020001800062040000900080082001500089100002200104245005400126260002800180300001400208OSt20210428113802.0210428b ||||| |||| 00| 0 eng d a9788182718241 coclc a306bMUT/S aMutawa, Jassim Al aSwargam pookkunna Kudumbam/cDr. Jassim Al Mutawa aKozhikode:bIPH,c2018. a109 pages